| 000 | 00711nam a22002057a 4500 | ||
|---|---|---|---|
| 008 | 081211t xxu||||| |||| 00| 0 eng d | ||
| 010 | _aENG-92113 | ||
| 020 |
_a8186203621 _c100.00 |
||
| 035 | _aEN-75646 | ||
| 037 | _bDBAD / PUB | ||
| 040 |
_adpl _bEnglish |
||
| 082 | _a546 | ||
| 100 | _aManimegalai, G. | ||
| 245 |
_aInorganic chemistry / _cby G. Manimegalai |
||
| 260 |
_aChennai _bSri Mangadu Kamatchi Amman Business Corporation _c2008 |
||
| 300 |
_a135p. _c19cm (pbk) |
||
| 650 | _aChemistry, Inorganic. | ||
| 942 |
_2ddc _cEN _mMAN _h546 |
||
| 999 |
_c19655 _d19655 |
||